000 nam a22 7a 4500
999 _c126899
_d126899
008 170905b xxu||||| |||| 00| 0 eng d
050 _aBX794.M486
100 _aMeehan, Bridget Mary
_935606
245 _aPraying with celtic holy women
_c/ Bridget Mary Meehan
260 _aDenver
_bRedemptorist Publication
_c2003
300 _axii, 243p. ;
_c21cm.
650 _aCeltic church
_xPrayer
_935607
700 _aOliver, Regina Madonna
_935608
942 _2lcc
_cMONOGRAPH